Hãy đến với thế giới của máy vi tính = Come to the world of microcomputers Lưu trữ thông tin trong máy tính = Storing Information in a Computer

में बचाया:
ग्रंथसूची विवरण
मुख्य लेखक: Nguyễn Thế Hùng
स्वरूप: पुस्तक
भाषा:Undetermined
प्रकाशित: Tp. HCM Thống Kê 2002
विषय:
टैग : टैग जोड़ें
कोई टैग नहीं, इस रिकॉर्ड को टैग करने वाले पहले व्यक्ति बनें!
Thư viện lưu trữ: Trung tâm Học liệu Trường Đại học Cần Thơ
LEADER 00722nam a2200193Ia 4500
001 CTU_53818
008 210402s9999 xx 000 0 und d
020 |b 36000 
082 |a 004.16 
082 |b H112 
100 |a Nguyễn Thế Hùng 
245 0 |a Hãy đến với thế giới của máy vi tính = Come to the world of microcomputers 
245 0 |b Lưu trữ thông tin trong máy tính = Storing Information in a Computer 
245 0 |c Biên dịch Nguyễn Thế Hùng 
260 |a Tp. HCM 
260 |b Thống Kê 
260 |c 2002 
650 |a information storage and retrieval systems,electronic data processing 
980 |a Trung tâm Học liệu Trường Đại học Cần Thơ